[Event "España ch 1ª Division Norte"]
[Site "Barcelona ESP"]
[Date "2005.08.12"]
[Round "2.7"]
[White "Guasch Sariol, Jaume"]
[Black "Villuendas Valero, Adrian"]
[Result "0-1"]
[WhiteElo "2072"]
[BlackElo "2109"]
[PlyCount "110"]
[EventDate "2005.08.11"]
[EventType "team"]
[EventRounds "6"]
[EventCountry "ESP"]
[Source "lmi"]
[SourceDate "2005.08.14"]

1. d4 Nf6 2. c4 e6 3. Nc3 Bb4 4. e3 c5 5. Nge2 d5 6. a3 Bxc3+ 7. Nxc3 cxd4 8.
exd4 dxc4 9. Bxc4 Nc6 10. Be3 O-O 11. O-O h6 12. Re1 b6 13. Qd3 Bb7 14. f3 Ne7
15. Bf4 Ng6 16. Be3 Nd5 17. Nxd5 Bxd5 18. Ba6 Qf6 19. Rac1 Nh4 20. Bf2 Qg5 21.
Bxh4 Qxh4 22. Qe3 Rfe8 23. Rc7 Re7 24. Rxe7 Qxe7 25. Rc1 Bb7 26. Bd3 Qd7 27.
Be4 Rc8 28. Bxb7 Qxb7 29. Rc3 Qd7 30. Qd3 Rd8 31. Rc4 e5 32. Qc2 b5 33. Rc5
Qxd4+ 34. Kf1 a6 35. Rc8 g6 36. Ke2 Kg7 37. Rc6 Rd6 38. Rc7 Rf6 39. Kf1 e4 40.
Rc3 exf3 41. Rxf3 Rxf3+ 42. gxf3 Qc4+ 43. Qxc4 bxc4 44. Ke2 Kf6 45. Kd2 Ke5 46.
Kc3 Kd5 47. Kb4 g5 48. Ka5 f5 49. Kxa6 g4 50. f4 Kc6 51. a4 h5 52. a5 h4 53.
Ka7 Kc7 54. a6 g3 55. hxg3 hxg3 0-1

[Event "España ch 1ª Division Norte"]
[Site "Barcelona ESP"]
[Date "2005.08.12"]
[Round "2.7"]
[White "Hernando Rodrigo, Julio"]
[Black "Lopez Gracia, Fernando"]
[Result "1/2-1/2"]
[WhiteElo "2371"]
[BlackElo "2323"]
[PlyCount "58"]
[EventDate "2005.08.11"]
[EventType "team"]
[EventRounds "6"]
[EventCountry "ESP"]
[Source "lmi"]
[SourceDate "2005.08.14"]

1. d4 Nf6 2. c4 e6 3. Nf3 b6 4. g3 Ba6 5. b3 Bb4+ 6. Bd2 Be7 7. Bg2 c6 8. O-O
O-O 9. Bc3 d5 10. Nbd2 Nbd7 11. Qc2 c5 12. e4 dxe4 13. Nxe4 Bb7 14. Nxf6+ Nxf6
15. Rad1 Qc7 16. dxc5 Qxc5 17. Ng5 Qxg5 18. Bxb7 Rab8 19. Bg2 Rfd8 20. Qe2 Rxd1
21. Rxd1 Rd8 22. Bf3 Rxd1+ 23. Qxd1 Qf5 24. Qe2 Nd7 25. Be4 Qg5 26. Bxh7+ Kxh7
27. Qd3+ Qf5 28. Qxd7 Qb1+ 29. Kg2 Qe4+ 1/2-1/2

[Event "España ch 1ª Division Norte"]
[Site "Barcelona ESP"]
[Date "2005.08.12"]
[Round "2.7"]
[White "Randazzo, Adrian"]
[Black "Gomez Anadon, Daniel"]
[Result "1-0"]
[WhiteElo "2262"]
[BlackElo "2315"]
[PlyCount "52"]
[EventDate "2005.08.11"]
[EventType "team"]
[EventRounds "6"]
[EventCountry "ESP"]
[Source "lmi"]
[SourceDate "2005.08.14"]

1. e4 c5 2. Nf3 d6 3. d4 cxd4 4. Nxd4 Nf6 5. Nc3 a6 6. Be3 e5 7. Nb3 Be7 8. f3
O-O 9. Qd2 Be6 10. O-O-O Qc7 11. g4 Rc8 12. g5 Nh5 13. Kb1 Nd7 14. Rg1 g6 15.
Qf2 b5 16. Nd5 Bxd5 17. exd5 Rcb8 18. h4 a5 19. f4 a4 20. Nd2 a3 21. f5 axb2
22. Nb3 Qb7 23. c3 Bd8 24. fxg6 hxg6 25. Rg4 Bb6 26. Rb4 Qa7 1-0

[Event "España ch 1ª Division Norte"]
[Site "Barcelona ESP"]
[Date "2005.08.12"]
[Round "2.8"]
[White "Casares Cabanas, Carlos"]
[Black "Ruiz Vinals, Matias"]
[Result "1-0"]
[WhiteElo "2077"]
[BlackElo "2116"]
[PlyCount "51"]
[EventDate "2005.08.11"]
[EventType "team"]
[EventRounds "6"]
[EventCountry "ESP"]
[Source "lmi"]
[SourceDate "2005.08.14"]

1. e4 c5 2. Nf3 e6 3. d4 cxd4 4. Nxd4 Nf6 5. Nc3 Nc6 6. Ndb5 Bb4 7. a3 Bxc3+ 8.
Nxc3 d5 9. exd5 exd5 10. Bd3 O-O 11. O-O h6 12. Re1 Bg4 13. f3 Be6 14. b4 Rc8
15. Bb2 Qb6+ 16. Kh1 Qf2 17. Re2 Qh4 18. Qe1 Qf4 19. Qg3 Nh5 20. Qf2 Qd6 21.
Nb5 Qd7 22. Qh4 g6 23. g4 Ng7 24. Nd4 Nxd4 25. Bxd4 h5 26. Qf6 1-0

[Event "España ch 1ª Division Norte"]
[Site "Barcelona ESP"]
[Date "2005.08.12"]
[Round "2.8"]
[White "Gonzalez Diaz, Diego"]
[Black "Segura Ariza, Jose Luis"]
[Result "1-0"]
[WhiteElo "2257"]
[BlackElo "2204"]
[PlyCount "59"]
[EventDate "2005.08.11"]
[EventType "team"]
[EventRounds "6"]
[EventCountry "ESP"]
[Source "lmi"]
[SourceDate "2005.08.14"]

1. e4 c5 2. Nf3 e6 3. d4 cxd4 4. Nxd4 Nf6 5. Nc3 Nc6 6. Ndb5 Bb4 7. a3 Bxc3+ 8.
Nxc3 d5 9. exd5 exd5 10. Bf4 O-O 11. Be2 a6 12. O-O d4 13. Na4 Nd5 14. Bd2 Qd6
15. b4 Bf5 16. Bf3 Nde7 17. c4 Qg6 18. Rc1 Be4 19. Bxe4 Qxe4 20. Nc5 Qh4 21.
Nxb7 f5 22. f4 Rf6 23. h3 Ra7 24. Nc5 Rd6 25. b5 axb5 26. cxb5 Nd8 27. a4 Nd5
28. Re1 Nf6 29. a5 Rd5 30. b6 1-0

[Event "España ch 1ª Division Norte"]
[Site "Barcelona ESP"]
[Date "2005.08.12"]
[Round "2.8"]
[White "March Morla, Xavier"]
[Black "Del Barrio Gomez, Jesus M"]
[Result "1/2-1/2"]
[WhiteElo "2156"]
[BlackElo "2238"]
[PlyCount "70"]
[EventDate "2005.08.11"]
[EventType "team"]
[EventRounds "6"]
[EventCountry "ESP"]
[Source "lmi"]
[SourceDate "2005.08.14"]

1. e4 e6 2. d4 d5 3. exd5 exd5 4. Nf3 Bg4 5. h3 Bh5 6. Be2 Bd6 7. O-O Ne7 8.
Re1 O-O 9. c3 c6 10. Nbd2 Nd7 11. Ne5 Bxe2 12. Qxe2 Ng6 13. Nxg6 hxg6 14. Nf3
Re8 15. Be3 Nf6 16. Ng5 Qd7 17. Qf3 Qf5 18. Qxf5 gxf5 19. g3 Re7 20. Kg2 Rae8
21. Bd2 Ne4 22. Nxe4 fxe4 23. Re2 f5 24. Rae1 Kf7 25. Bc1 Re6 26. Bg5 Kg6 27.
Bc1 Kh5 28. Rg1 Kg6 29. Rge1 Kf6 30. Be3 g5 31. f4 gxf4 32. gxf4 Rg8+ 33. Kh2
Re7 34. Rg2 Rgg7 35. Rxg7 Rxg7 1/2-1/2

[Event "España ch 1ª Division Norte"]
[Site "Barcelona ESP"]
[Date "2005.08.12"]
[Round "2.8"]
[White "Tattersall, Lester"]
[Black "Strikovic, Aleksa"]
[Result "0-1"]
[WhiteElo "2273"]
[BlackElo "2498"]
[PlyCount "74"]
[EventDate "2005.08.11"]
[EventType "team"]
[EventRounds "6"]
[EventCountry "ESP"]
[Source "lmi"]
[SourceDate "2005.08.14"]

1. Nf3 c5 2. g3 Nc6 3. Bg2 g6 4. O-O Bg7 5. d3 e5 6. e4 Nge7 7. Na3 O-O 8. c3
h6 9. Nc2 d5 10. exd5 Nxd5 11. Ne3 Be6 12. a4 Re8 13. Qc2 Qd7 14. Nxd5 Bxd5 15.
a5 Rac8 16. Rd1 Red8 17. Qa4 Qc7 18. Ne1 Kh7 19. Nc2 Bxg2 20. Kxg2 f5 21. Ne3
Ne7 22. Nc4 Nd5 23. Bd2 Rd7 24. Be1 Rcd8 25. f3 Ne7 26. Qb5 e4 27. fxe4 fxe4
28. Bf2 Rd5 29. Ne3 Rxd3 30. Rxd3 Rxd3 31. Ra4 Qe5 32. Rc4 Nf5 33. Rxc5 Nxe3+
34. Bxe3 Qe6 35. Bf4 g5 36. Bc1 Qg4 37. Rf5 Qe2+ 0-1

[Event "España ch 1ª Division Norte"]
[Site "Barcelona ESP"]
[Date "2005.08.12"]
[Round "2.10"]
[White "Arce Balluerca, Jorge"]
[Black "Rebole Arbea, Iñaki"]
[Result "1-0"]
[WhiteElo "2115"]
[BlackElo "2176"]
[PlyCount "75"]
[EventDate "2005.08.11"]
[EventType "team"]
[EventRounds "6"]
[EventCountry "ESP"]
[Source "lmi"]
[SourceDate "2005.08.14"]

1. g3 g6 2. Bg2 Bg7 3. d4 f5 4. Nh3 Nc6 5. d5 Ne5 6. O-O Nf6 7. b3 O-O 8. Bb2
Nf7 9. Nf4 e5 10. dxe6 dxe6 11. Nd3 c6 12. Nd2 Qc7 13. Nc4 Rd8 14. Qe1 Nd5 15.
Bxg7 Kxg7 16. e4 Nb6 17. Qc3+ Kg8 18. exf5 exf5 19. Rfe1 Nd5 20. Qb2 f4 21.
Nce5 fxg3 22. hxg3 Bf5 23. Re2 Nxe5 24. Nxe5 Qg7 25. Rae1 Re8 26. c4 Nc7 27.
Qd4 h5 28. Qh4 Rad8 29. Bxc6 g5 30. Qxh5 bxc6 31. Nxc6 Rxe2 32. Rxe2 Rd7 33.
Re5 Rf7 34. g4 Bg6 35. Qxg5 a6 36. Ne7+ Kh7 37. Re3 Qh6 38. Rh3 1-0

[Event "España ch 1ª Division Norte"]
[Site "Barcelona ESP"]
[Date "2005.08.12"]
[Round "2.10"]
[White "Mindeguia Guruceaga, Juan J"]
[Black "Munita Loinaz, Jose Antonio"]
[Result "1-0"]
[WhiteElo "2170"]
[BlackElo "1994"]
[PlyCount "59"]
[EventDate "2005.08.11"]
[EventType "team"]
[EventRounds "6"]
[EventCountry "ESP"]
[Source "lmi"]
[SourceDate "2005.08.14"]

1. e4 e6 2. d4 b6 3. Nf3 Bb7 4. Bd3 c5 5. c3 cxd4 6. cxd4 Nf6 7. e5 Nd5 8. O-O
Nb4 9. Be2 Be7 10. Nc3 O-O 11. a3 Nd5 12. Qc2 Nxc3 13. bxc3 Ba6 14. c4 d5 15.
exd6 Qxd6 16. Qe4 Qc6 17. d5 exd5 18. Qxe7 Re8 19. Qh4 Rxe2 20. Nd4 Qe8 21.
Nxe2 Bxc4 22. Re1 Nc6 23. Bg5 Bxe2 24. Ra2 Bc4 25. Rxe8+ Rxe8 26. Ra1 Ne5 27.
Be3 Ng6 28. Qg3 f5 29. Qc7 Re7 30. Qc8+ 1-0

[Event "España ch 1ª Division Norte"]
[Site "Barcelona ESP"]
[Date "2005.08.12"]
[Round "2.10"]
[White "Navarrete Delgado, Sergio"]
[Black "Limeres Guiance, Cristobal"]
[Result "1-0"]
[WhiteElo "2207"]
[BlackElo "2272"]
[PlyCount "177"]
[EventDate "2005.08.11"]
[EventType "team"]
[EventRounds "6"]
[EventCountry "ESP"]
[Source "lmi"]
[SourceDate "2005.08.14"]

1. e4 Nf6 2. Nc3 Nc6 3. d4 d5 4. e5 Ne4 5. Nxe4 dxe4 6. Be3 Bf5 7. Bb5 a6 8.
Bxc6+ bxc6 9. Qd2 e6 10. Qc3 Qd5 11. Ne2 Rb8 12. O-O Be7 13. b3 O-O 14. Qd2 f6
15. c4 Qd7 16. Bf4 Bg4 17. Ng3 Rbd8 18. h3 Bf5 19. Rad1 Bg6 20. Qe3 f5 21. c5
Ra8 22. Ne2 Bh5 23. f3 exf3 24. gxf3 a5 25. Nc3 Rf7 26. Kh2 h6 27. Rg1 Kh7 28.
Qe2 g5 29. Be3 Rg8 30. Rg2 Qc8 31. Rdg1 Rg6 32. Qf2 Rfg7 33. Ne2 f4 34. Bd2 Qa6
35. Nc1 Rg8 36. Qf1 Ra8 37. Rf2 Qxf1 38. Rgxf1 a4 39. b4 Rgg8 40. Nd3 Bg6 41.
Nc1 Bf5 42. Rg1 Rgd8 43. Bc3 Kg7 44. Rb2 Kf7 45. Rd2 Rg8 46. Nd3 h5 47. Nf2 Rg6
48. Kg2 Rag8 49. Kf1 Rb8 50. Rb2 Ke8 51. Ke2 Kd7 52. a3 Rb5 53. Be1 Kc8 54. Kd2
Kb7 55. Kc3 Ka6 56. Kc4 Rb8 57. Bd2 Rd8 58. Bc3 Rb8 59. Bd2 Rgg8 60. Nd1 Bxh3
61. Nc3 Rgf8 62. b5+ cxb5+ 63. Nxb5 c6 64. Nc7+ Ka7 65. Rgb1 Bf5 66. Ba5 Bxb1
67. Bb6+ Kb7 68. Rxb1 Kc8 69. Nxe6 Rg8 70. d5 cxd5+ 71. Kxd5 Bd8 72. Kd6 Rg6
73. Kd5 Bxb6 74. cxb6 Rb7 75. Rc1+ Kb8 76. Nc5 Rgxb6 77. Nxb7 Rxb7 78. e6 g4
79. Ke5 gxf3 80. Kf6 Rb3 81. e7 Re3 82. Rf1 Kc7 83. Rxf3 Re4 84. Kf7 Kd6 85.
Rd3+ Kc5 86. e8=Q Rxe8 87. Kxe8 h4 88. Rf3 h3 89. Rxf4 1-0

[Event "España ch 1ª Division Norte"]
[Site "Barcelona ESP"]
[Date "2005.08.12"]
[Round "2.10"]
[White "Ruiz Gomez, Alejandro"]
[Black "Rada Equiza, Miguel"]
[Result "0-1"]
[WhiteElo "2333"]
[BlackElo "2236"]
[PlyCount "68"]
[EventDate "2005.08.11"]
[EventType "team"]
[EventRounds "6"]
[EventCountry "ESP"]
[Source "lmi"]
[SourceDate "2005.08.14"]

1. d4 Nf6 2. c4 g6 3. Nc3 c5 4. d5 d6 5. f3 Bg7 6. e4 O-O 7. Be3 e6 8. Qd2 exd5
9. cxd5 a6 10. a4 Qa5 11. Ra3 Nbd7 12. Nge2 Ne5 13. Nc1 Nfd7 14. N1a2 f5 15.
exf5 Nb6 16. b3 Bxf5 17. Be2 Rae8 18. Kd1 Nbd7 19. g4 Bd3 20. Rf1 Bxe2+ 21.
Kxe2 Bh6 22. Nd1 Qxd2+ 23. Kxd2 Bxe3+ 24. Nxe3 Nxf3+ 25. Kd3 Nde5+ 26. Kc3 Nxh2
27. Rxf8+ Rxf8 28. g5 Nhf3 29. b4 cxb4+ 30. Kxb4 Nxg5 31. Rc3 h5 32. Nc1 h4 33.
Ne2 Ne4 34. Rc1 Nd3+ 0-1

[Event "España ch 1ª Division Norte"]
[Site "Barcelona ESP"]
[Date "2005.08.12"]
[Round "2.11"]
[White "Bada Navarra, Jordi"]
[Black "Llorente Fernandez, Carlos"]
[Result "1/2-1/2"]
[WhiteElo "1892"]
[BlackElo "1925"]
[PlyCount "97"]
[EventDate "2005.08.11"]
[EventType "team"]
[EventRounds "6"]
[EventCountry "ESP"]
[Source "lmi"]
[SourceDate "2005.08.14"]

1. e4 e6 2. d4 d5 3. e5 c5 4. Qg4 Nc6 5. Nf3 cxd4 6. Bd3 Qc7 7. Qg3 Nge7 8. O-O
Nb4 9. Na3 a6 10. Bd2 Nxd3 11. cxd3 Nf5 12. Qf4 Bxa3 13. bxa3 O-O 14. Bb4 Re8
15. Nxd4 Nxd4 16. Qxd4 Bd7 17. Rac1 Bc6 18. Rc2 Rac8 19. Rfc1 Qd7 20. Bd6 Bb5
21. Rc7 Rxc7 22. Rxc7 Rc8 23. Rxc8+ Qxc8 24. h3 h6 25. a4 Bd7 26. a5 Bb5 27. a3
Qc2 28. Qb6 Qxd3 29. Qd8+ Kh7 30. Qh4 Bc6 31. Qf4 Qg6 32. Qd4 Bb5 33. Bb4 Bd3
34. f3 Bb5 35. Qb6 Bc6 36. Qd4 Qc2 37. Kh2 Bb5 38. Kg1 Qd3 39. Qf4 Kg8 40. Kh2
Qc4 41. Qxc4 dxc4 42. Kg3 Kh7 43. Kf4 g5+ 44. Ke4 Bc6+ 45. Ke3 Kg6 46. g3 h5
47. g4 Bd5 48. Bc3 Bc6 49. Bd4 1/2-1/2

[Event "España ch 1ª Division Norte"]
[Site "Barcelona ESP"]
[Date "2005.08.12"]
[Round "2.11"]
[White "Santos Santos, Pablo"]
[Black "Chalmeta Ugas, Jordi"]
[Result "1-0"]
[WhiteElo "2303"]
[BlackElo "2076"]
[PlyCount "93"]
[EventDate "2005.08.11"]
[EventType "team"]
[EventRounds "6"]
[EventCountry "ESP"]
[Source "lmi"]
[SourceDate "2005.08.14"]

1. d4 Nf6 2. c4 g6 3. Nf3 Bg7 4. g3 O-O 5. Bg2 d5 6. cxd5 Nxd5 7. O-O c6 8. e4
Nf6 9. Nc3 Be6 10. Qe2 h6 11. h3 Qc8 12. Kh2 Nbd7 13. Be3 Nb6 14. Nd2 Rd8 15.
f4 Ne8 16. Qf2 Nc4 17. Nxc4 Bxc4 18. Rfd1 Nd6 19. Rac1 Qd7 20. b3 Ba6 21. Na4
Qe8 22. Nc5 Rac8 23. a4 e6 24. Qe1 Qe7 25. Bf3 Ne8 26. Nxa6 bxa6 27. Be2 Qb7
28. Rb1 Bf8 29. Qf1 Nc7 30. h4 c5 31. dxc5 Rxd1 32. Qxd1 Qxe4 33. Qd3 Qc6 34.
Bf2 a5 35. Bf3 Nd5 36. Rc1 Nb4 37. Qe2 Nd5 38. h5 gxh5 39. Bxh5 Qb7 40. Qb5 Qc7
41. Qe2 Rb8 42. Bd4 Rxb3 43. Be5 Qe7 44. c6 Nc7 45. Qd1 Re3 46. Qd7 Rxe5 47.
fxe5 1-0

[Event "España ch 1ª Division Norte"]
[Site "Barcelona ESP"]
[Date "2005.08.12"]
[Round "2.12"]
[White "Basto Auzmendi, Mario"]
[Black "Blazquez Gomez, Miguel"]
[Result "0-1"]
[WhiteElo "2132"]
[BlackElo "2083"]
[PlyCount "43"]
[EventDate "2005.08.11"]
[EventType "team"]
[EventRounds "6"]
[EventCountry "ESP"]
[Source "lmi"]
[SourceDate "2005.08.14"]

1. e4 e5 2. Bc4 f5 3. Nc3 Nf6 4. d3 c6 5. Bg5 b5 6. Bb3 a5 7. a3 a4 8. Ba2 b4
9. axb4 Bxb4 10. Nge2 a3 11. O-O axb2 12. Bf7+ Kxf7 13. Rxa8 Ba6 14. Qb1 Bxc3
15. Nxc3 Qb6 16. Qa2+ Kg6 17. Be3 Qb7 18. exf5+ Kxf5 19. Qf7 Re8 20. Ne4 Qb4
21. Ng3+ Kg4 22. h3+ 0-1

[Event "España ch 1ª Division Norte"]
[Site "Barcelona ESP"]
[Date "2005.08.12"]
[Round "2.12"]
[White "Blazquez Gomez, Jose Luis"]
[Black "Rodriguez Balzategui, Cesar"]
[Result "1-0"]
[WhiteElo "2226"]
[BlackElo "2210"]
[PlyCount "123"]
[EventDate "2005.08.11"]
[EventType "team"]
[EventRounds "6"]
[EventCountry "ESP"]
[Source "lmi"]
[SourceDate "2005.08.14"]

1. d4 Nf6 2. Nf3 g6 3. c4 Bg7 4. Nc3 O-O 5. g3 d6 6. Bg2 c6 7. O-O a6 8. e4
Nfd7 9. Re1 b5 10. cxb5 axb5 11. e5 dxe5 12. dxe5 Nc5 13. Qxd8 Rxd8 14. Bg5 Re8
15. Red1 Ne6 16. Be3 Ra6 17. Bh3 b4 18. Ne2 Ra5 19. a3 bxa3 20. Rxa3 Rb5 21.
Bxe6 Bxe6 22. Ned4 Rd5 23. Rc1 Bg4 24. Kg2 c5 25. Nb5 Bxf3+ 26. Kxf3 Bxe5 27.
Rxc5 Rxc5 28. Bxc5 Bxb2 29. Ra8 Be5 30. Ke4 Kf8 31. f4 Bf6 32. Nc7 Rc8 33. Na6
Nxa6 34. Rxc8+ Kg7 35. Bd4 Nb4 36. Bxf6+ Kxf6 37. Rb8 Nc2 38. Kd3 Ne1+ 39. Ke3
h5 40. Rc8 h4 41. Rc1 Ng2+ 42. Kf3 h3 43. Kg4 Ne3+ 44. Kxh3 e5 45. fxe5+ Kxe5
46. Rc5+ Ke4 47. Rc6 Kf5 48. Rc7 f6 49. Re7 Nd5 50. Re8 g5 51. Kg2 g4 52. Kf2
Nb4 53. Ke3 Nc6 54. Ra8 Ne5 55. Ra5 Kg6 56. Kf4 Nf3 57. Kxg4 Nxh2+ 58. Kf4 Nf1
59. Kg4 Nh2+ 60. Kf4 Nf1 61. Ra2 f5 62. Rf2 1-0

[Event "España ch 1ª Division Norte"]
[Site "Barcelona ESP"]
[Date "2005.08.12"]
[Round "2.12"]
[White "Martinez Perez, Jorge"]
[Black "Ingunza Lopez, Txema"]
[Result "1-0"]
[WhiteElo "2030"]
[BlackElo "2047"]
[PlyCount "61"]
[EventDate "2005.08.11"]
[EventType "team"]
[EventRounds "6"]
[EventCountry "ESP"]
[Source "lmi"]
[SourceDate "2005.08.14"]

1. Nf3 Nf6 2. b3 c5 3. e3 Nc6 4. Bb2 d5 5. Bb5 Bd7 6. O-O g6 7. Nc3 Bg7 8. Nxd5
O-O 9. Nxf6+ Bxf6 10. Bxf6 exf6 11. d4 Qa5 12. dxc5 Qxb5 13. Qxd7 Rfd8 14. c4
Qxc5 15. Qxb7 Rab8 16. Qc7 Rbc8 17. Qf4 Kg7 18. h3 Rd3 19. Rad1 Rcd8 20. Rxd3
Rxd3 21. Qe4 Rd6 22. a4 f5 23. Qc2 Nb4 24. Qc3+ f6 25. Nd4 f4 26. Rd1 fxe3 27.
Qxe3 Kf7 28. Rd2 a5 29. Nf5 Rc6 30. Rd7+ Kf8 31. Rd8+ 1-0

[Event "España ch 1ª Division Norte"]
[Site "Barcelona ESP"]
[Date "2005.08.12"]
[Round "2.13"]
[White "Espiñeira Gonzalez, Pablo"]
[Black "Garcia Gomez, Jose Manuel"]
[Result "1-0"]
[WhiteElo "2158"]
[BlackElo "1781"]
[PlyCount "75"]
[EventDate "2005.08.11"]
[EventType "team"]
[EventRounds "6"]
[EventCountry "ESP"]
[Source "lmi"]
[SourceDate "2005.08.14"]

1. c4 e5 2. Nc3 Nf6 3. g3 Bc5 4. Bg2 O-O 5. e3 Re8 6. Nge2 c6 7. Qb3 Qb6 8. Qc2
Qd8 9. O-O d5 10. cxd5 cxd5 11. Nxd5 Nxd5 12. Qxc5 Be6 13. Nc3 Nd7 14. Qd6 Nxc3
15. dxc3 Rb8 16. e4 Nb6 17. Qxd8 Rbxd8 18. b3 Rd3 19. c4 Red8 20. Be3 f6 21.
Bf3 Nc8 22. Be2 R3d7 23. Rfd1 b6 24. Rxd7 Rxd7 25. a4 Nd6 26. a5 Nxe4 27. axb6
axb6 28. Bxb6 Rb7 29. c5 Bxb3 30. Ba6 Rb8 31. Ba7 Rd8 32. c6 Be6 33. c7 Re8 34.
Rd1 Kf7 35. Rd8 g5 36. Bc4 Nd6 37. Bxe6+ Rxe6 38. Rxd6 1-0

[Event "España ch 1ª Division Norte"]
[Site "Barcelona ESP"]
[Date "2005.08.12"]
[Round "3.4"]
[White "Hamdouchi, Hichem"]
[Black "Lariño Nieto, David"]
[Result "1-0"]
[WhiteElo "2567"]
[BlackElo "2350"]
[PlyCount "61"]
[EventDate "2005.08.11"]
[EventType "team"]
[EventRounds "6"]
[EventCountry "ESP"]
[Source "lmi"]
[SourceDate "2005.08.14"]

1. e4 e6 2. Qe2 c5 3. g3 Nc6 4. Nf3 g6 5. h4 h5 6. c3 e5 7. Na3 Bg7 8. Nc4 d5
9. exd5 Qxd5 10. Bg2 Be6 11. Ne3 Qd7 12. Ng5 Nge7 13. Qb5 b6 14. Nxe6 Qxe6 15.
b4 cxb4 16. Nd5 Rc8 17. Nxe7 Kxe7 18. O-O Rhd8 19. d4 bxc3 20. Ba3+ Kf6 21.
dxe5+ Qxe5 22. Bxc6 Qxb5 23. Bxb5 a6 24. Bxa6 Ra8 25. Bb4 Kf5 26. Bb7 c2 27.
Rae1 Rxa2 28. Be4+ Kg4 29. Kg2 c1=Q 30. Rxc1 Rd4 31. Rc2 1-0

[Event "España ch 1ª Division Norte"]
[Site "Barcelona ESP"]
[Date "2005.08.12"]
[Round "3.4"]
[White "Salgado Lopez, Ivan"]
[Black "Flear, Glenn C"]
[Result "1/2-1/2"]
[WhiteElo "2340"]
[BlackElo "2509"]
[PlyCount "70"]
[EventDate "2005.08.11"]
[EventType "team"]
[EventRounds "6"]
[EventCountry "ESP"]
[Source "lmi"]
[SourceDate "2005.08.14"]

1. e4 e5 2. Nf3 Nc6 3. Bb5 a6 4. Ba4 Nf6 5. O-O Nxe4 6. d4 b5 7. Bb3 d5 8. dxe5
Be6 9. Nbd2 Nc5 10. c3 Bg4 11. Bc2 Ne6 12. Re1 Bc5 13. h3 Bh5 14. Nf1 Bg6 15.
Bb3 d4 16. a4 b4 17. cxd4 Nexd4 18. Nxd4 Nxd4 19. Be3 O-O 20. Rc1 Bb6 21. Bc4
Re8 22. a5 Ba7 23. e6 Nxe6 24. Qxd8 Rexd8 25. Bxe6 fxe6 26. Rxc7 Bxe3 27. Nxe3
Rac8 28. Rec1 Rxc7 29. Rxc7 Bd3 30. Nc2 Bxc2 31. Rxc2 Rd5 32. Rc8+ Kf7 33. Rb8
Rxa5 34. Rxb4 h5 35. h4 Kf6 1/2-1/2

[Event "España ch 1ª Division Norte"]
[Site "Barcelona ESP"]
[Date "2005.08.12"]
[Round "3.5"]
[White "Gonzalez Diaz, Julio"]
[Black "Gomez Anadon, Daniel"]
[Result "0-1"]
[WhiteElo "2237"]
[BlackElo "2315"]
[PlyCount "104"]
[EventDate "2005.08.11"]
[EventType "team"]
[EventRounds "6"]
[EventCountry "ESP"]
[Source "lmi"]
[SourceDate "2005.08.14"]

1. e4 c5 2. Nf3 d6 3. d4 cxd4 4. Nxd4 Nf6 5. Nc3 a6 6. f4 e5 7. Nf3 Nbd7 8. a4
Be7 9. Bd3 O-O 10. O-O Nc5 11. Kh1 exf4 12. Bxf4 Bg4 13. Qe1 Re8 14. Bg5 Rc8
15. h3 Bh5 16. Nd4 Bg6 17. Nf5 Bxf5 18. Rxf5 Nfxe4 19. Nxe4 Bxg5 20. Qb4 a5 21.
Qd4 Nxe4 22. Bxe4 Bf6 23. Qd3 Qe7 24. Bd5 Rc7 25. Qb3 Qe2 26. c3 Qd3 27. Raf1
Re5 28. Qb5 Qxb5 29. axb5 Rxf5 30. Rxf5 b6 31. Rf4 Rc5 32. Rc4 Kf8 33. Rxc5
dxc5 34. Kg1 a4 35. Be4 g6 36. Bc2 a3 37. bxa3 Bxc3 38. Bb3 f5 39. Kf2 Ke7 40.
Kf3 Kf6 41. Bg8 h6 42. g4 fxg4+ 43. Kxg4 Ke5 44. Bf7 Ke4 45. Bxg6+ Ke3 46. Kf5
c4 47. Ke6 Kd4 48. Kf5 Bd2 49. Kg4 Ke3 50. a4 Bb4 51. Kh5 Bf8 52. Kg4 c3 0-1

[Event "España ch 1ª Division Norte"]
[Site "Barcelona ESP"]
[Date "2005.08.12"]
[Round "3.5"]
[White "Strikovic, Aleksa"]
[Black "Glavina, Pablo"]
[Result "1-0"]
[WhiteElo "2498"]
[BlackElo "2440"]
[PlyCount "99"]
[EventDate "2005.08.11"]
[EventType "team"]
[EventRounds "6"]
[EventCountry "ESP"]
[Source "lmi"]
[SourceDate "2005.08.14"]

1. e4 e5 2. Nf3 Nc6 3. Bb5 a6 4. Ba4 Nf6 5. Qe2 b5 6. Bb3 Bc5 7. O-O O-O 8. c3
Re8 9. d3 h6 10. Be3 d6 11. Nbd2 Be6 12. Bxe6 fxe6 13. Bxc5 dxc5 14. Rfd1 Qd6
15. Nb3 Nd7 16. Qe3 Rf8 17. h3 Rab8 18. Rac1 Ne7 19. d4 exd4 20. cxd4 c4 21.
Nc5 Ng6 22. Nxd7 Qxd7 23. b3 Rf4 24. Ne5 Nxe5 25. Qxf4 Nd3 26. Rxd3 cxd3 27.
Qe3 Rd8 28. Qxd3 Qxd4 29. Qxd4 Rxd4 30. f3 Rd2 31. Rxc7 Rxa2 32. Re7 a5 33.
Rxe6 Kf7 34. Ra6 b4 35. Kh2 Ke7 36. f4 Re2 37. e5 Re3 38. Rxa5 Rxb3 39. Ra7+
Kf8 40. Rb7 h5 41. g4 h4 42. f5 Rb2+ 43. Kg1 b3 44. e6 Rb1+ 45. Kg2 b2 46. g5
Re1 47. Rxb2 Re5 48. Rb8+ Ke7 49. Rb7+ Ke8 50. Rf7 1-0

[Event "España ch 1ª Division Norte"]
[Site "Barcelona ESP"]
[Date "2005.08.12"]
[Round "3.6"]
[White "Garcia Garcia, Jose Luis"]
[Black "Vidarte Morales, Arturo"]
[Result "0-1"]
[WhiteElo "2219"]
[BlackElo "2391"]
[PlyCount "82"]
[EventDate "2005.08.11"]
[EventType "team"]
[EventRounds "6"]
[EventCountry "ESP"]
[Source "lmi"]
[SourceDate "2005.08.14"]

1. d4 Nf6 2. Nf3 g6 3. c4 Bg7 4. g3 O-O 5. Bg2 d5 6. O-O Nc6 7. b3 dxc4 8. bxc4
e5 9. Bb2 exd4 10. Nxd4 Nxd4 11. Qxd4 Qxd4 12. Bxd4 Be6 13. Na3 Rfd8 14. e3
Rab8 15. Rac1 c6 16. Rfd1 Nd7 17. Bf1 Bf8 18. Nb1 Bg4 19. Rd2 c5 20. Bb2 Nb6
21. Rcc2 Be6 22. Rxd8 Rxd8 23. Rd2 Rc8 24. Na3 Bg7 25. Bxg7 Kxg7 26. Be2 Kf6
27. Kf1 Ke7 28. Ke1 h5 29. h4 Nd7 30. Bf3 b6 31. Bd5 Ne5 32. Ke2 a6 33. Bxe6
Kxe6 34. f4 Nc6 35. Nc2 Nb4 36. a3 Nc6 37. e4 Na5 38. Ne3 Nb3 39. Rb2 Nd4+ 40.
Kd3 b5 41. Nd5 Kd6 0-1

[Event "España ch 1ª Division Norte"]
[Site "Barcelona ESP"]
[Date "2005.08.12"]
[Round "3.6"]
[White "Hernando Rodrigo, Jose Maria"]
[Black "Varela Mourin, Jesus"]
[Result "1-0"]
[WhiteElo "2351"]
[BlackElo "2205"]
[PlyCount "85"]
[EventDate "2005.08.11"]
[EventType "team"]
[EventRounds "6"]
[EventCountry "ESP"]
[Source "lmi"]
[SourceDate "2005.08.14"]

1. d4 d6 2. Nf3 g6 3. c4 Bg7 4. Nc3 Nd7 5. e4 e5 6. dxe5 dxe5 7. b3 Nc5 8.
Qxd8+ Kxd8 9. Ng5 Nh6 10. Be3 Nd7 11. O-O-O c6 12. f3 Ke7 13. h4 f6 14. Nh3 Nf7
15. g4 Nf8 16. c5 Be6 17. Be2 h5 18. g5 f5 19. Kc2 Rd8 20. Nf2 Rxd1 21. Rxd1 f4
22. Bf1 Nd7 23. Bg2 Rc8 24. Nd3 Bf8 25. Na4 Ke8 26. Bf1 Nd8 27. Bd2 b5 28. cxb6
axb6 29. Nxb6 Nxb6 30. Nxe5 Ra8 31. Kb1 Bg7 32. Nxg6 c5 33. Nxf4 c4 34. Nxh5
Bd4 35. Bc1 Nc6 36. Bb2 c3 37. Bb5 Bd7 38. Bxc6 Bxc6 39. Rxd4 cxb2 40. Rd6 Rc8
41. Rh6 Nd7 42. Rh8+ Nf8 43. g6 1-0